01422nam a2200301 a 450000100100000000500170001000800410002702000180006804000250008608200260011110000400013724501050017725000110028226000350029330000200032850000430034850000740039158600650046559000260053065000280055665000310058470000450061591000390066095201500069995201240084995201300097399900170110300001470820240412074241.0100119s2009 dr 000 p spa d a9789945002461 aDO-SdBNPbspacBNPHU aRD861.44bG633f, 20091 aGómez Rosa, Alexis,d1950-92350110aFerryboat de una noche invertebrada /cAlexis Gómez Rosa ; corrección Manuel García Cartagena. a2a ed. aSanto Domingo :bGente,c2009. a82 p. ;c22 cm. aIncluye datos biográficos del autor. aIncluye referencias bibliográficas y notas al pie de las páginas. aPremio Nacional de Poesía Salomé Ureña de Henríquez. aInventariado, 2018/LP 0aPoesía dominicana966 0aLiteratura dominicana.9671 aGarcía Cartagena, Manuelecorr.912067 aValidado. Control de calidad BNPHU 00102ddc52708DSaBNPHUbBNPHUcHDd2010-01-22iLF1l0oRD861.44 G633f, 2009p14708-30r2020-06-25te. 3w2020-06-25yLFDSZPréstamo interno 0010718PDaPDbPDcHDd2010-01-19iLF1l0oRD861.44 G633f, 2009p14708-10r2020-06-25w2020-06-25yLFPDZNo se presta 0010718PDaPDbPDcHDd2010-01-19iLF1l0oRD861.44 G633f, 2009p14708-20r2020-06-25te. 2w2020-06-25yLFPDZNo se presta c14291d14291